Správa o poľnohospodárstve a potravinárstve v Slovenskej republike 2003 (Zelená správa)

Gespeichert in:
Bibliographische Detailangaben
Körperschaft: Ministerstvo pôdohospodárstva a rozvoja vidieka Slovenskej republiky
Format: Buch
Sprache:Slowakisch
Veröffentlicht: Nové Zámky CROCUS 2003
Schlagworte:
Tags: Tag hinzufügen
Keine Tags, Fügen Sie das erste Tag hinzu!

MARC

LEADER 00000nam$a2200000$$$4500
001 0022982
005 20240318125904.3
020 |a 80-88992-67-2 
041 0 |a slo 
044 |a SK 
245 1 0 |a Správa o poľnohospodárstve a potravinárstve v Slovenskej republike 2003  |b (Zelená správa) 
264 1 |a Nové Zámky  |b CROCUS  |c 2003 
300 |a 265 s. 
610 2 0 |a poľnohospodárstvo 
610 2 0 |a potravinárstvo 
610 2 0 |a pôda 
610 2 0 |a kapitál 
610 2 0 |a zdroje ľudské 
610 2 0 |a výroba 
610 2 0 |a potraviny 
610 2 0 |a trh práce 
610 2 0 |a výsledok hospodársky 
610 2 0 |a ukazovatele ekonomické 
610 2 0 |a porovnanie medzinárodné 
610 2 0 |a politika poľnohospodárska 
610 2 0 |a dane 
610 2 0 |a úver 
610 2 0 |a poistenie 
610 2 0 |a obchod zahraničný 
610 2 0 |a spolupráca medzinárodná 
610 2 0 |a Slovensko 
610 2 0 |a Európska únia 
710 2 |a Ministerstvo pôdohospodárstva a rozvoja vidieka Slovenskej republiky